| 000 | 00775nam a2200265 i 4500 | ||
|---|---|---|---|
| 001 | bg | ||
| 100 | 1 | _aBall, Bill. | |
| 245 | 1 | 0 |
_aPoznaj Linux / _cBill Ball ; przekład z ang. Piotr Nowakowski, Sławomir Dzieniszewski. |
| 246 |
_iTyt. oryg.: _aUsing Linux |
||
| 260 |
_aWarszawa : _b"Mikom", _c1999. |
||
| 300 |
_a668 s. ; _c24 cm. |
||
| 490 | 1 | _aProsto, Profesjonalnie | |
| 500 | _aTyt. oryg.: "Using Linux" 1999. | ||
| 650 | 9 | _aLinux | |
| 655 | _aPodręczniki | ||
| 830 | _aProsto, Profesjonalnie | ||
| 020 | _a8371581637 | ||
| 040 | _cBPK | ||
| 041 | 1 |
_apl _hen |
|
| 080 | _a004.451(07) | ||
| 920 | _a83-7158-163-7 | ||
| 942 | _cKS | ||
| 008 | s pl f |000 0 pol | ||
| 999 |
_c40068 _d40068 |
||
| 856 |
_uhttp://koha.tu.koszalin.pl/cgi-bin/koha/opac-detail.pl?biblionumber=40068 _yKatalog online BPK |
||